| 000 | 00806nam a2200181Ia 4500 | ||
|---|---|---|---|
| 008 | 090122s9999 xx 000 0 und d | ||
| 082 |
_b13873 _a808.899 |
||
| 100 |
_aदाते _bहेमंत |
||
| 245 | _aनिसर्ग बोलतोय भाग 1 (प्राणी आणि वृक्षवल्ली) | ||
| 260 |
_bफुलराणी _c2004 |
||
| 300 | _a40 | ||
| 501 | _a"236 - 02/12/2008 फुलराणी प्रकाशन,ठाणे" | ||
| 600 | _aदाते | ||
| 630 | _aनिसर्ग बोलतोय भाग 1 (प्राणी आणि वृक्षवल्ली) | ||
| 700 | _aदाते | ||
| 730 | _aनिसर्ग बोलतोय भाग 1 (प्राणी आणि वृक्षवल्ली) | ||
| 942 | _cBOOK | ||
| 999 |
_c37950 _d37950 |
||